000 00324nam a22001457a 4500
003 SGT
020 _a9788180310546
082 _a4H0
_bA12V
100 _aRamchandra Verma
245 _aAchhi Hindi
250 _a25TH
260 _aNEW DELHI
_bLOKBHARTI PRAKASHAN
_c2012
650 _aMASS COMMUNICATION
942 _2ddc
_cBK
_05
999 _c12992
_d12992